Co najczęściej znajduje się na pocztówkach z Rzymu? - Statystyki

Ogólne statystyki
  • Ten quiz został rozwiązany 16 razy
  • Średni wynik to 1 z 5
Statystyki odpowiedzi
Odpowiedź % Poprawnych
Koloseum
100%
Panteon
36%
Adres
0%
Kościoły
0%
Znaczek pocztowy.
0%
Nie znaleziono quizów pasujących do podanych kryteriów
Rozkład punktacji
Procent ludzi z każdym wynikiem
Percentyl według liczby udzielonych odpowiedzi
Twoja historia wyników
Nie rozwiązałeś tego quizu